[Event "36th European Club Cup 2021"]
[Site "Struga"]
[Date "2021.09.19"]
[Round "2.18"]
[White "Bartel, Mateusz"]
[Black "Heinz, Timothee"]
[Result "1-0"]
[WhiteElo "2611"]
[BlackElo "2394"]
[Annotator "TA"]
[PlyCount "69"]
[EventDate "2021.09.18"]
[EventType "team-tourn"]
[EventCountry "MKD"]
[SourceTitle "playchess.com"]
[Source "ChessBase"]
[SourceQuality "1"]

{[%evp 12,69,16,39,35,35,41,19,30,0,31,16,14,13,13,14,8,0,0,-1,0,-25,0,0,0,0,0,
0,0,0,0,-8,508,510,502,499,481,183,199,189,194,191,179,179,197,193,194,113,205,
210,204,194,272,290,462,474,924,520,3658,939]} 1. e4 e6 2. d4 d5 3. Nc3 Nf6 4.
Bg5 dxe4 5. Nxe4 Nbd7 6. Nf3 h6 7. Bxf6 Nxf6 {C13: French: Classical System: 4
Bg5 Be7, Alekhine-Chatard Attack.} 8. Bd3 Bd6 9. c3 {[#]} Bd7 $146 {The
position is equal.} ({Predecessor:} 9... O-O 10. Qe2 Bd7 11. O-O-O Bc6 12. Rhg1
Nxe4 13. Bxe4 Bxe4 14. Qxe4 c6 15. Kb1 Qf6 {1-0 (31) Boruchovsky,A (2525)-Roiz,
M (2607) Ramat Gan 2018}) 10. Ne5 Qe7 (10... Bxe5 {with more complications.}
11. dxe5 Nxe4 12. Bxe4 Bc6 13. Bxc6+ bxc6 14. Qe2 Qd5) 11. Qf3 (11. Nxd7 {
is interesting.} Nxd7 12. Qf3 O-O 13. Rd1 Rab8 14. O-O) 11... Bxe5 12. dxe5
Nxe4 13. Bxe4 Qg5 14. O-O c6 15. Rad1 {[#] Hoping for Rxd7!} Qxe5 16. Rd4 Qf6
17. Qe3 e5 18. Bc2 O-O-O 19. Ra4 a6 20. Bd3 {White wants to play Bxa6!} Kc7 21.
Rb4 {Qa7 is the strong threat.} Rb8 $2 {[%mdl 8192] [#]} (21... Bc8 $1 $11) 22.
Qb6+ $1 $18 Kd6 23. f4 {aiming for fxe5+.} Be6 24. Re4 $2 (24. fxe5+ Qxe5 25.
Rd4+ Ke7 26. Re4) 24... Qd8 25. fxe5+ Ke7 26. Qc5+ Ke8 27. Rd4 $36 {[%mdl 2048]
White is really pushing.} Qe7 28. Rd6 Rd8 29. Be4 ({White should play} 29. Bc4
$18 {Threatens to win with Bxe6.} Bxc4 30. Qxc4 Rxd6 31. exd6 Qe3+ 32. Kh1)
29... Rxd6 (29... h5 $16 {was necessary.}) 30. exd6 Qd7 31. a4 Rf8 (31... Kf8 {
was called for.} 32. b4 Kg8) 32. Re1 Kd8 (32... Rh8 $142 33. Bf5 Kf8 34. Bxe6
fxe6) 33. b4 {Strongly threatening b5!White is clearly winning.} Re8 (33... f5
$142 34. Bf3 Rf6) 34. Bf3 {Black must now prevent b5!} f6 (34... Qc8 $142 35.
b5 Kd7 36. bxc6+ bxc6 37. Qa7+ Kxd6 38. Rd1+ Bd5) 35. Bh5 {Weighted Error
Value: White=0.30/Black=0.36} (35. b5 $142 cxb5 36. axb5) 1-0

[Event "36th European Club Cup 2021"]
[Site "Struga"]
[Date "2021.09.19"]
[Round "2.19"]
[White "Grischuk, Alexander"]
[Black "Westerberg, Jonathan"]
[Result "1-0"]
[WhiteElo "2775"]
[BlackElo "2526"]
[Annotator "TA"]
[PlyCount "93"]
[EventDate "2021.09.18"]
[EventType "team-tourn"]
[EventCountry "MKD"]
[SourceTitle "playchess.com"]
[Source "ChessBase"]
[SourceQuality "1"]

{[%evp 10,93,8,7,34,41,41,44,53,17,54,27,34,27,33,22,35,37,49,43,89,83,114,115,
116,108,139,120,151,150,150,124,124,125,130,128,129,115,114,109,135,108,109,
110,188,185,180,184,164,169,191,190,182,174,164,132,107,114,354,78,818,819,806,
1256,5069,5069,4133,4133,2742,2742,765,747,749,1958,1328,976,955,862,29975,
29976,29975,29977,29963,6443,29998,29999]} 1. d4 Nf6 2. c4 e6 3. Nf3 Bb4+ 4.
Nbd2 O-O 5. a3 Be7 6. e4 d6 {E11: Bogo-Indian.} 7. Be2 $1 {7.Be2 is better
than 7.Bd3.} c5 8. d5 Nbd7 {White is slightly better.} 9. Qc2 Re8 {[#]} 10. Nf1
$1 $146 {[%mdl 8] A relevant novelty.} ({Predecessor:} 10. O-O Nf8 11. Nb1 Ng6
12. Nc3 e5 13. Ne1 h6 14. Nd3 Nh7 15. Qd1 Bg5 16. Bg4 {1/2-1/2 (48) Grischuk,A
(2766)-Caruana,F (2819) Paris 2019}) 10... exd5 11. cxd5 Bf8 12. Ng3 b5 13. O-O
$36 {[%mdl 2048] White fights for an advantage.} Rb8 14. a4 bxa4 15. Rxa4 Qc7
16. Bd2 Nb6 17. Ra5 Bg4 18. Rfa1 Nc8 19. Bb5 Bd7 20. Bf1 Qd8 21. h3 g6 22. Bc3
Bg7 23. Bd3 h5 24. Qd2 Nh7 25. Bxg7 Kxg7 26. Qc3+ Qf6 (26... Nf6 $16 {keeps
fighting.} 27. Nd2 h4) 27. e5 $1 $18 {[%cal Re5f6]} dxe5 28. Ne4 ({But not} 28.
Qxc5 $6 Rxb2 29. Qc1 Rb6 $14) 28... Qf4 29. Nxc5 Nf6 30. Nxd7 Nxd7 31. Bb5 $1 {
[%cal Rb5d7]} Ncb6 32. Bxd7 Nxd7 33. Rxa7 Nf6 {[#]} (33... Red8 $16 {is a
better defense.} 34. b3 Rbc8) 34. d6 $2 (34. Rxf7+ $1 $18 {[%mdl 512] is the
precise move to win.} Kxf7 35. Ra7+ Nd7 36. Rxd7+ Kg8 37. Qc6) 34... e4 $2 {
[%mdl 8192] [#]} (34... Ne4 $16 35. Qd3 Red8) 35. Rxf7+ $3 {[%mdl 576]
Clearance} Kxf7 36. Ra7+ Kg8 {[#]} 37. Qc7 $1 {[%csl Ga7][%cal Rc7g7]} Nd7 38.
Qxd7 {[%csl Ga7][%cal Rd7g7]} Qc1+ {[#]} 39. Ne1 $1 {[%csl Ga7][%cal Rd7g7]
[%mdl 512]} Qh6 40. Qf7+ Kh8 41. Qf6+ Kg8 42. g4 hxg4 43. hxg4 Rf8 44. Qe6+ {
[%mdl 64] Double Attack} Kh8 45. Qe5+ Kg8 46. g5 Qh8 47. Qd5+ {Weighted Error
Value: White=0.16/Black=0.59} 1-0

[Event "36th European Club Cup 2021"]
[Site "Struga"]
[Date "2021.09.19"]
[Round "2.20"]
[White "Seo, Jung Min"]
[Black "Dreev, Aleksey"]
[Result "1/2-1/2"]
[WhiteElo "2469"]
[BlackElo "2637"]
[Annotator "TA"]
[PlyCount "66"]
[EventDate "2021.09.18"]
[EventType "team-tourn"]
[EventCountry "MKD"]
[SourceTitle "playchess.com"]
[Source "ChessBase"]
[SourceQuality "1"]

{[%evp 18,66,13,17,18,12,17,13,16,19,22,31,25,16,31,7,0,0,17,0,0,0,15,20,14,24,
24,6,26,8,7,8,8,8,9,8,8,8,8,0,0,0,0,0,0,0,0,0,0,0,0]} 1. d4 Nf6 2. c4 e6 3. Nf3
d5 4. Nc3 Nbd7 5. cxd5 exd5 6. Bg5 c6 7. e3 Be7 8. Bd3 Ne4 9. Bxe7 Qxe7 10. Qc2
{[%cal Rc3e4]} Ndf6 {D35: Queen's Gambit Declined: Exchange Variation.} 11. O-O
Bf5 12. Ne5 {aiming for Nxc6!} O-O 13. Rfe1 Rfe8 14. f3 Nxc3 15. bxc3 Bxd3 {[#]
} 16. Qxd3 $146 ({Predecessor:} 16. Nxd3 h6 17. c4 dxc4 18. Qxc4 Rad8 19. Rad1
Nd5 20. e4 Nb6 21. Qc5 {1/2-1/2 (21) Nucci,L (2244)-Klochan,P (2331) ICCF
email 2016}) 16... c5 17. a4 Rac8 {[%cal Ba8c8,Bc8c7,Bc7e7][%mdl 32]} 18. a5
Rc7 19. Qb5 Qd6 20. Nd3 {[%cal Rd3c5]} cxd4 21. cxd4 h5 22. Rab1 Rce7 23. Qc5 (
23. h3 {looks sharper.} Qg3 24. Ne5 Rc8 25. Qb2 Ne8 26. Qf2) 23... Qxc5 {
The position is equal.} 24. Nxc5 b6 $1 {[%cal Rb6c5]} 25. axb6 axb6 26. Rxb6
Rxe3 27. Rxe3 Rxe3 $11 {[%mdl 4096] Endgame KRN-KRN} 28. Rb8+ (28. h4 {is
interesting.} Ra3 29. Rb8+ Kh7 30. Rb7 Kg8 31. Nd7) 28... Re8 29. Rxe8+ Nxe8
30. Kf2 Nd6 31. Nd3 Nf5 32. Nf4 g6 33. Nxd5 Nxd4 {A rather calm draw. 
Weighted Error Value: White=0.03/Black=0.02} 1/2-1/2

[Event "36th European Club Cup 2021"]
[Site "Struga"]
[Date "2021.09.19"]
[Round "2.21"]
[White "Zvjaginsev, Vadim"]
[Black "Lokander, Martin"]
[Result "1-0"]
[WhiteElo "2603"]
[BlackElo "2452"]
[Annotator "TA"]
[PlyCount "69"]
[EventDate "2021.09.18"]
[EventType "team-tourn"]
[EventCountry "MKD"]
[SourceTitle "playchess.com"]
[Source "ChessBase"]
[SourceQuality "1"]

{[%evp 11,69,0,0,0,8,14,8,12,4,9,21,23,13,3,10,15,10,11,2,8,12,0,0,-9,0,0,0,0,
0,0,0,0,14,0,0,0,88,33,152,153,230,140,140,139,259,262,358,347,982,947,1462,
5165,3835,2335,6294,1201,5714,2436,6331,6287]} 1. c4 c6 2. e4 d5 3. cxd5 cxd5
4. exd5 Nf6 5. Nc3 Nxd5 6. Nf3 Nc6 {6...Nc6 is better than 6...e6.} 7. Bb5 {
B10: Caro-Kann: 2 d3 and 2 c4.} g6 8. Qa4 Nb6 9. Bxc6+ {The position is equal.}
bxc6 10. Qxc6+ Bd7 11. Qe4 Bg7 12. d4 Rc8 13. O-O Bc6 14. Qe2 Bxf3 15. Qxf3
Qxd4 {[#]} 16. a4 $146 ({Predecessor:} 16. Be3 Qb4 17. Qb7 O-O 18. Qxa7 Qxb2
19. Qxb6 Bxc3 20. Qxb2 Bxb2 21. Rad1 Ba3 22. g3 {1/2-1/2 (46) Andreikin,D 
(2688)-Eljanov,P (2690) Moscow 2012}) 16... O-O 17. Rd1 Qf6 18. Qxf6 Bxf6 19.
a5 Nc4 20. Nd5 Rfd8 21. Nxf6+ exf6 {[%cal Rd8d1]} 22. Re1 Rd5 (22... a6 {
feels hotter.} 23. b3 Ne5 24. Be3 Rd5 25. Rec1 Rb8) 23. a6 Rb5 (23... Kg7 $11)
24. h3 (24. Bh6 $16) 24... Na5 ({Wrong is} 24... Nxb2 $2 25. Re7 $18) ({
Better is} 24... g5 $14) 25. Be3 $16 Kg7 (25... Nc6 $16 26. Re2 Kg7) 26. Bxa7
Ra8 {[#]} 27. Be3 {b4 is the strong threat.} Nc4 (27... Rxa6 $16 {is a better
defense.} 28. b4 Rxb4) 28. Bd4 $18 Rd5 29. Red1 {And now Bxf6+! would win.}
Rad8 $2 {[#]} (29... Rb5 30. a7 Ne5) 30. a7 $1 {White is clearly winning.} Nb6
(30... Ne5 31. a8=Q) 31. Bxb6 Rxd1+ 32. Rxd1 Rxd1+ 33. Kh2 Ra1 34. b4 Ra6 35.
Bc5 {Weighted Error Value: White=0.08/Black=0.36} 1-0

[Event "36th European Club Cup 2021"]
[Site "Struga"]
[Date "2021.09.19"]
[Round "2.22"]
[White "Ertan, Can"]
[Black "Rublevsky, Sergei"]
[Result "0-1"]
[WhiteElo "2384"]
[BlackElo "2641"]
[Annotator "TA"]
[PlyCount "110"]
[EventDate "2021.09.18"]
[EventType "team-tourn"]
[EventCountry "MKD"]
[SourceTitle "playchess.com"]
[Source "ChessBase"]
[SourceQuality "1"]

{[%evp 16,110,27,6,25,-16,0,-16,-14,-19,-7,-15,-8,-18,-9,-11,-17,-18,-14,-32,
-14,-13,-25,-41,-43,-35,-43,-121,-121,-203,-188,-326,-332,-312,-214,-205,-210,
-199,-208,-433,-428,-434,-491,-496,-489,-754,-624,-775,-757,-743,-742,-742,
-735,-716,-711,-1381,-1328,-1362,-1340,-1335,-1328,-1324,-1272,-1241,-700,-880,
-617,-861,-782,-774,-999,-1089,-1079,-1069,-1052,-833,-808,-636,-1082,-1077,
-1042,-1785,-1745,-1344,-931,-1701,-1695,-1600,-1670,-1656,-1623,-1398,-1337,
-2008,-1971,-1316,-1206]} 1. e4 c5 2. Nf3 e6 3. d4 cxd4 4. Nxd4 Nc6 5. Nc3 a6
6. Nxc6 bxc6 7. Bd3 d5 8. O-O Nf6 9. Bg5 Be7 {B46: Sicilian: Taimanov: 5 Nc3
a6.} 10. e5 Nd7 11. Bxe7 Qxe7 {The position is equal.} 12. Qg4 g6 13. Qg3 {[#]}
a5 $146 ({Predecessor:} 13... Qb4 14. Nd1 c5 15. c3 Qb8 16. f4 c4 17. Bc2 Qb6+
18. Qe3 Rb8 19. b4 Ke7 {1-0 (49) Brun,F-Zarske,J Switzerland 1991}) 14. b3 Ba6
15. h4 h5 16. Rfe1 Qb4 17. Ne2 Bxd3 18. cxd3 Qg4 19. Rac1 Qxg3 20. Nxg3 c5 21.
d4 {Black keeps a firm grip on the game.} (21. Ne2 $15) 21... cxd4 $17 22. Rc7
(22. f4 $17) 22... Ke7 $19 23. f4 (23. Rec1 {might work better.}) 23... Rhc8
24. Rec1 Kd8 25. R7c2 Rxc2 26. Rxc2 {[%mdl 4096] Endgame KRN-KRN} a4 27. b4 $2
(27. Rd2) 27... Rb8 {Black is clearly winning.} 28. a3 Rc8 29. Rxc8+ Kxc8 {
KN-KN} 30. Ne2 (30. Kf2 $142 Nb6 31. Ne2) 30... d3 {[%cal Bd4d3,Bd3d2][%mdl 32]
} 31. Nc3 {[#]} d2 $1 32. Kf2 d4 33. Nd1 {[#]} Nb6 $1 {[%cal Rb6c4]} 34. Ke2
Nc4 35. g3 Nxa3 36. Kxd2 Nc4+ 37. Kc1 a3 {( -> ...a2)} 38. Kb1 d3 39. Nc3 Ne3
40. Ne4 Nf1 41. Nf2 d2 42. Nd1 Nxg3 43. Ka2 Nf5 44. Kxa3 Nxh4 45. Kb3 Ng2 46.
Kc2 Nxf4 47. Kxd2 Nd5 48. b5 Kc7 49. Nf2 Kb6 50. Ne4 Kxb5 51. Kd3 Nb4+ 52. Ke3
Kc4 53. Nd6+ Kd5 54. Nxf7 Nc6 55. Kf4 {[#]} Nxe5 $1 {[%mdl 512] Weighted Error
Value: White=0.60/Black=0.24} 0-1

[Event "36th European Club Cup 2021"]
[Site "Struga"]
[Date "2021.09.19"]
[Round "2.23"]
[White "Alekseev, Evgeny"]
[Black "Arman, Deniz"]
[Result "1-0"]
[WhiteElo "2610"]
[BlackElo "2336"]
[Annotator "ChessBase"]
[PlyCount "89"]
[EventDate "2021.09.18"]
[EventType "team-tourn"]
[EventCountry "MKD"]
[SourceTitle "playchess.com"]
[Source "ChessBase"]
[SourceQuality "1"]
[TimeControl "40/5400+30:1800+30"]

1. e4 {[%emt 0:00:04]} c5 {[%emt 0:00:13]} 2. Nf3 {[%emt 0:00:11]} Nc6 {
[%emt 0:00:30]} 3. Bb5 {[%emt 0:02:32]} g6 {[%emt 0:00:07]} 4. O-O {[%emt 0:01:
50]} Bg7 {[%emt 0:00:06]} 5. c3 {[%emt 0:00:49]} Nf6 {[%emt 0:04:05]} 6. Re1 {
[%emt 0:01:28]} O-O {[%emt 0:00:26]} 7. h3 {[%emt 0:00:28]} d5 {[%emt 0:11:46]}
8. e5 {[%emt 0:03:08]} Ne8 {[%emt 0:02:17]} 9. Bxc6 {[%emt 0:13:08]} bxc6 {
[%emt 0:00:34]} 10. d4 {[%emt 0:00:02]} c4 {[%emt 0:30:40]} 11. b3 {[%emt 0:02:
45]} Nc7 {[%emt 0:03:40]} 12. Nbd2 {[%emt 0:06:44]} cxb3 {[%emt 0:14:10]} 13.
axb3 {[%emt 0:02:12]} Ne6 {[%emt 0:02:36]} 14. b4 {[%emt 0:01:03]} f5 {[%emt 0:
07:44]} 15. exf6 {[%emt 0:04:56]} exf6 {[%emt 0:00:24]} 16. Nb3 {[%emt 0:00:19]
} Re8 {[%emt 0:01:15]} 17. Be3 {[%emt 0:04:34]} g5 {[%emt 0:01:02]} 18. Qd3 {
[%emt 0:12:01]} Re7 {[%emt 0:03:41]} 19. Bd2 {[%emt 0:09:23]} Bd7 {[%emt 0:00:
24]} 20. Ra5 {[%emt 0:06:10]} Be8 {[%emt 0:00:57]} 21. Nc5 {[%emt 0:00:27]} Nc7
{[%emt 0:01:39]} 22. Qf1 {[%emt 0:02:06]} Nb5 {[%emt 0:04:09]} 23. Raa1 {
[%emt 0:02:07]} Bf7 {[%emt 0:00:30]} 24. Nh2 {[%emt 0:00:48]} Rxe1 {[%emt 0:01:
52]} 25. Rxe1 {[%emt 0:00:27]} Qd6 {[%emt 0:03:08]} 26. h4 {[%emt 0:05:08]} h6
{[%emt 0:02:57]} 27. hxg5 {[%emt 0:00:26]} fxg5 {[%emt 0:01:59]} 28. f4 {
[%emt 0:03:37]} gxf4 {[%emt 0:00:04]} 29. Bxf4 {[%emt 0:01:24]} Qg6 {[%emt 0:
00:45]} 30. Re3 {[%emt 0:08:03]} Qc2 {[%emt 0:00:38]} 31. Be5 {[%emt 0:04:01]}
Rf8 {[%emt 0:01:06]} 32. Nd7 {[%emt 0:00:19]} Rd8 {[%emt 0:00:29]} 33. Bxg7 {
[%emt 0:02:04]} Rxd7 {[%emt 0:00:12]} 34. Be5 {[%emt 0:00:54]} Kf8 {[%emt 0:00:
40]} 35. Qf6 {[%emt 0:01:06]} Qg6 {[%emt 0:00:40]} 36. Qh8+ {[%emt 0:00:19]}
Bg8 {[%emt 0:00:04]} 37. Rg3 {[%emt 0:00:21]} Qe6 {[%emt 0:00:27]} 38. Rf3+ {
[%emt 0:00:30]} Rf7 {[%emt 0:00:40]} 39. Qg7+ {[%emt 0:01:08]} Ke7 {[%emt 0:00:
04]} 40. Qxg8 {[%emt 0:00:00]} Rxf3 {[%emt 0:00:00]} 41. Qxe6+ {[%emt 0:00:33]}
Kxe6 {[%emt 0:00:08]} 42. Nxf3 {[%emt 0:00:19]} Nxc3 {[%emt 0:00:05]} 43. Bg7 {
[%emt 0:00:16]} Na2 {[%emt 0:00:23]} 44. Bf8 {[%emt 0:00:13]} Kf5 {[%emt 0:00:
07]} 45. Ne5 {[%emt 0:00:13]} 1-0

[Event "36th European Club Cup 2021"]
[Site "Struga"]
[Date "2021.09.19"]
[Round "2.24"]
[White "Thorn, Eric"]
[Black "Kornev, Alexei"]
[Result "1/2-1/2"]
[WhiteElo "2292"]
[BlackElo "2500"]
[Annotator "ChessBase"]
[PlyCount "155"]
[EventDate "2021.09.18"]
[EventType "team-tourn"]
[EventCountry "MKD"]
[SourceTitle "playchess.com"]
[Source "ChessBase"]
[SourceQuality "1"]
[TimeControl "40/5400+30:1800+30"]

1. d4 {[%emt 0:00:16]} Nf6 {[%emt 0:00:16]} 2. c4 {[%emt 0:00:54]} g6 {[%emt 0:
00:27]} 3. Nc3 {[%emt 0:00:08]} Bg7 {[%emt 0:00:10]} 4. e4 {[%emt 0:00:11]} d6
{[%emt 0:00:07]} 5. Nf3 {[%emt 0:00:07]} O-O {[%emt 0:00:06]} 6. Be2 {[%emt 0:
00:10]} e5 {[%emt 0:00:11]} 7. d5 {[%emt 0:00:27]} a5 {[%emt 0:00:21]} 8. Bg5 {
[%emt 0:01:14]} h6 {[%emt 0:00:12]} 9. Be3 {[%emt 0:00:10]} Ng4 {[%emt 0:00:34]
} 10. Bc1 {[%emt 0:00:09]} f5 {[%emt 0:01:09]} 11. exf5 {[%emt 0:00:32]} gxf5 {
[%emt 0:00:12]} 12. g3 {[%emt 0:00:16]} e4 {[%emt 0:05:47]} 13. Nh4 {[%emt 0:
00:46]} Nd7 {[%emt 0:09:53]} 14. O-O {[%emt 0:01:48]} Nc5 {[%emt 0:14:11]} 15.
f3 {[%emt 0:01:03]} Ne5 {[%emt 0:03:12]} 16. fxe4 {[%emt 0:12:26]} fxe4 {
[%emt 0:03:02]} 17. Rxf8+ {[%emt 0:06:22]} Qxf8 {[%emt 0:00:43]} 18. Be3 {
[%emt 0:00:05]} Qe7 {[%emt 0:11:35]} 19. Bxc5 {[%emt 0:23:03]} dxc5 {[%emt 0:
00:10]} 20. Qc2 {[%emt 0:08:28]} Ng4 {[%emt 0:12:27]} 21. Bxg4 {[%emt 0:15:17]}
Bxg4 {[%emt 0:00:19]} 22. Nxe4 {[%emt 0:06:47]} Bd4+ {[%emt 0:18:54]} 23. Kg2 {
[%emt 0:01:07]} Qg7 {[%emt 0:07:19]} 24. h3 {[%emt 0:01:13]} Bd7 {[%emt 0:00:
25]} 25. Rf1 {[%emt 0:01:15]} Rf8 {[%emt 0:00:55]} 26. Rxf8+ {[%emt 0:03:38]}
Qxf8 {[%emt 0:00:05]} 27. b3 {[%emt 0:02:04]} b6 {[%emt 0:02:44]} 28. Qe2 {
[%emt 0:01:00]} Qf7 {[%emt 0:00:47]} 29. Qf3 {[%emt 0:04:40]} a4 {[%emt 0:00:
06]} 30. g4 {[%emt 0:01:23]} Qxf3+ {[%emt 0:00:17]} 31. Kxf3 {[%emt 0:01:09]}
Be5 {[%emt 0:01:54]} 32. Ng6 {[%emt 0:03:00]} Bb2 {[%emt 0:00:15]} 33. Nf4 {
[%emt 0:00:52]} Kf7 {[%emt 0:00:44]} 34. h4 {[%emt 0:02:47]} axb3 {[%emt 0:00:
37]} 35. axb3 {[%emt 0:00:03]} Be5 {[%emt 0:00:16]} 36. g5 {[%emt 0:02:02]}
hxg5 {[%emt 0:00:28]} 37. Nxg5+ {[%emt 0:00:26]} Kf6 {[%emt 0:00:57]} 38. Nge6
{[%emt 0:00:49]} Kf5 {[%emt 0:04:38]} 39. h5 {[%emt 0:00:33]} c6 {[%emt 0:00:
50]} 40. h6 {[%emt 0:00:00]} cxd5 {[%emt 0:00:00]} 41. cxd5 {[%emt 0:06:08]}
Bc8 {[%emt 0:02:23]} 42. h7 {[%emt 0:02:19]} Bb7 {[%emt 0:07:30]} 43. Nd8 {
[%emt 0:01:32]} Ba8 {[%emt 0:00:43]} 44. Nc6 {[%emt 0:08:26]} Ba1 {[%emt 0:02:
40]} 45. Ne7+ {[%emt 0:07:40]} Kg5 {[%emt 0:00:18]} 46. Ke4 {[%emt 0:01:41]}
Kh6 {[%emt 0:03:19]} 47. Neg6 {[%emt 0:03:02]} Kxh7 {[%emt 0:00:17]} 48. Nf8+ {
[%emt 0:00:03]} Kg8 {[%emt 0:00:58]} 49. Nd7 {[%emt 0:00:06]} b5 {[%emt 0:01:
14]} 50. Nxc5 {[%emt 0:00:07]} Kf7 {[%emt 0:00:10]} 51. Na6 {[%emt 0:01:06]}
Bb7 {[%emt 0:00:42]} 52. Nc7 {[%emt 0:01:07]} b4 {[%emt 0:00:46]} 53. Nd3 {
[%emt 0:00:13]} Ke7 {[%emt 0:02:01]} 54. Nc5 {[%emt 0:01:30]} Kd6 {[%emt 0:03:
55]} 55. Nxb7+ {[%emt 0:01:58]} Kxc7 {[%emt 0:00:05]} 56. Na5 {[%emt 0:01:26]}
Kd6 {[%emt 0:00:35]} 57. Nc4+ {[%emt 0:00:44]} Kc5 {[%emt 0:00:19]} 58. Ne5 {
[%emt 0:00:36]} Bc3 {[%emt 0:00:34]} 59. Nd3+ {[%emt 0:00:34]} Kd6 {[%emt 0:00:
07]} 60. Nf4 {[%emt 0:00:42]} Bd2 {[%emt 0:00:30]} 61. Ne2 {[%emt 0:00:30]} Bc3
{[%emt 0:01:11]} 62. Ng3 {[%emt 0:00:38]} Kc5 {[%emt 0:00:49]} 63. Nf5 {
[%emt 0:00:16]} Bf6 {[%emt 0:00:16]} 64. Nh6 {[%emt 0:00:46]} Bc3 {[%emt 0:00:
23]} 65. Nf7 {[%emt 0:00:21]} Bb2 {[%emt 0:02:25]} 66. d6 {[%emt 0:00:14]} Kc6
{[%emt 0:00:41]} 67. Ne5+ {[%emt 0:00:05]} Kb7 {[%emt 0:03:35]} 68. Kd5 {
[%emt 0:00:07]} Bc3 {[%emt 0:00:56]} 69. Ke6 {[%emt 0:00:13]} Be1 {[%emt 0:00:
11]} 70. Kd7 {[%emt 0:01:22]} Bh4 {[%emt 0:00:27]} 71. Nd3 {[%emt 0:00:24]} Kb6
{[%emt 0:00:17]} 72. Nxb4 {[%emt 0:01:00]} Kc5 {[%emt 0:00:12]} 73. Na6+ {
[%emt 0:00:40]} Kb5 {[%emt 0:00:30]} 74. Nc7+ {[%emt 0:00:39]} Kb4 {[%emt 0:00:
07]} 75. Nd5+ {[%emt 0:00:14]} Kxb3 {[%emt 0:00:50]} 76. Ne7 {[%emt 0:00:35]}
Bg3 {[%emt 0:00:07]} 77. Nf5 {[%emt 0:00:20]} Bxd6 {[%emt 0:00:06]} 78. Nxd6 {
[%emt 0:00:04]} 1/2-1/2

[Event "36th European Club Cup 2021"]
[Site "Struga"]
[Date "2021.09.19"]
[Round "2.25"]
[White "Dardha, Daniel"]
[Black "Korobov, Anton"]
[Result "1/2-1/2"]
[WhiteElo "2521"]
[BlackElo "2685"]
[Annotator "TA"]
[PlyCount "103"]
[EventDate "2021.09.18"]
[EventType "team-tourn"]
[EventCountry "MKD"]
[SourceTitle "playchess.com"]
[Source "ChessBase"]
[SourceQuality "1"]

{[%evp 14,103,28,30,47,47,44,41,43,36,31,16,25,11,18,0,0,-14,0,-18,-1,-22,-22,
-24,-23,-17,-16,-16,-19,-17,-22,-39,-36,-38,-37,-23,-20,-18,-6,-18,-14,-14,-11,
-18,-18,-18,-18,-18,-16,-30,-25,-18,-25,-19,-20,-48,-25,-49,-13,-13,-13,-13,
-13,-19,-8,-8,-8,-12,-8,-8,-8,-16,-16,-80,0,0,0,0,0,0,0,0,0,0,0,0,0,0,0,0,0,0]
} 1. d4 d5 2. c4 e6 3. Nf3 Nf6 4. Nc3 Nbd7 5. Bf4 dxc4 6. e3 Nd5 7. Bxc4 Nxf4
8. exf4 Bd6 {D37: Queen's Gambit Declined: 5 Bf4.} 9. g3 O-O 10. O-O b6 {
White is slightly better.} 11. Qe2 Nf6 {[#]} 12. Rad1 $146 ({Predecessor:} 12.
Rfd1 Bb7 13. Rac1 a6 14. Bd3 Ra7 15. Ne5 Qa8 16. Bc2 b5 17. f3 c5 18. dxc5
Bxc5+ {0-1 (70) Civitillo,A (2502)-Adriano,M (2467) ICCF email 2007}) 12... Bb7
13. Rfe1 a6 14. Bd3 Bb4 15. Ng5 Bxc3 16. bxc3 Qd5 {[%csl Gb7][%cal Rd5h1] [#]}
17. Ne4 Nxe4 18. Bxe4 Qxe4 19. Qxe4 Bxe4 20. Rxe4 $11 {[%mdl 4096] Endgame
KRR-KRR} Rfd8 21. Re5 Rd6 22. f5 exf5 23. Rxf5 Re8 24. Kf1 g6 25. Rf3 c5 26.
Rfd3 cxd4 27. Rxd4 Rc6 28. Rd6 Rec8 29. Rxc6 Rxc6 {KR-KR} 30. Rd3 Kf8 31. Ke2
Rc4 32. Kd1 Ra4 33. Rd2 Ke7 34. h4 b5 35. Kc1 h5 36. Re2+ Kf6 37. Kb2 Kf5 38.
f3 $1 f6 39. Re8 g5 40. Rh8 Kg6 41. hxg5 fxg5 42. Rg8+ Kf6 43. a3 (43. Kb3 $11
{remains equal.}) 43... h4 (43... Rc4 $17) 44. f4 $1 {The position is equal.}
gxf4 45. gxh4 Kf7 46. Rg5 Ke6 {[#] aiming for ...f3.} 47. Rg8 Re4 48. Kc2 Kf5
49. Rg5+ Kf6 50. Rg4 Kf5 51. Rg5+ Kf6 {And now ...f3 would win.} 52. Rg4 {
Weighted Error Value: White=0.07/Black=0.05} 1/2-1/2